[Event "HUN-chT2 Asztalos 1213"]
[Site "Hungary"]
[Date "2013.03.03"]
[Round "8.8"]
[White "Koppany, Tamas"]
[Black "Seres, Sandor"]
[Result "0-1"]
[WhiteElo "2065"]
[BlackElo "2025"]
[PlyCount "108"]
[EventDate "2012.09.16"]
[EventType "team-tourn"]
[EventRounds "9"]
[EventCountry "HUN"]
[SourceTitle "EXT 2014"]
[Source "ChessBase"]
[SourceDate "2013.11.20"]
[SourceVersion "1"]
[SourceVersionDate "2013.11.20"]
[SourceQuality "1"]
[WhiteTeam "Nagyatad"]
[BlackTeam "Mohacs"]
[WhiteTeamCountry "HUN"]
[BlackTeamCountry "HUN"]

1. d4 Nf6 2. f4 d5 3. e3 Ne4 4. Nf3 f5 5. Ne5 g6 6. Bd3 e6 7. 0-0 Bg7 8. c4 Nd7 9. Nc3 c6 10. Qa4 Bxe5 11. fxe5 0-0 12. cxd5 exd5 13. Bxe4 dxe4 14. Qc4+ Kg7 15. b3 Nb6 16. Qe2 Be6 17. Ba3 Rf7 18. Rac1 a5 19. Bc5 Nd5 20. Nxd5 Bxd5 21. Rc3 b5 22. Bd6 a4 23. Qb2 axb3 24. axb3 Rfa7 25. Rc2 Qg5 26. Qc3 h5 27. Re1 h4 28. e6 h3 29. e7 Kf7 30. g3 Ke6 31. Bb4 Kf7 32. Rb2 Qg4 33. Qc5 Qg5 34. Qd6 Qf6 35. Qf4 g5 36. Qf1 f4 37. Bc5 Rxe7 38. Bxe7 Kxe7 39. exf4 gxf4 40. Qxf4 Qxd4+ 41. Qf2 c5 42. b4 Qxf2+ 43. Kxf2 Rf8+ 44. Ke2 c4 45. Kd2 Kd6 46. Re3 Ke5 47. Kc3 Rf1 48. Rd2 Rb1 49. Rb2 Ra1 50. Kd2 Kd4 51. g4 Rg1 52. Rc2 Rg2+ 53. Re2 e3+ 54. Kc1 Kd3 0-1

[Event "HUN-chT2 Asztalos 1213"]
[Site "Hungary"]
[Date "2012.11.18"]
[Round "4.8"]
[White "Seres, Sandor"]
[Black "Horvath, Janos"]
[Result "1-0"]
[WhiteElo "2025"]
[BlackElo "2049"]
[PlyCount "75"]
[EventDate "2012.09.16"]
[EventType "team-tourn"]
[EventRounds "9"]
[EventCountry "HUN"]
[SourceTitle "EXT 2014"]
[Source "ChessBase"]
[SourceDate "2013.11.20"]
[SourceVersion "1"]
[SourceVersionDate "2013.11.20"]
[SourceQuality "1"]
[WhiteTeam "Mohacs"]
[BlackTeam "Kaposvar Bastya"]
[WhiteTeamCountry "HUN"]
[BlackTeamCountry "HUN"]

1. c4 Nf6 2. Nc3 b6 3. e4 d6 4. Nf3 Bb7 5. d3 Nbd7 6. Be2 g6 7. 0-0 Bg7 8. Bg5 0-0 9. Qd2 Re8 10. Bh6 Bh8 11. Ng5 Ne5 12. h3 Nc6 13. f4 Nd4 14. Bd1 Nd7 15. Ne2 e6 16. Ba4 c6 17. Nxd4 Bxd4+ 18. Kh2 f5 19. Rae1 e5 20. exf5 gxf5 21. fxe5 Nc5 22. Bd1 Bc8 23. exd6 Bd7 24. Bh5 Qf6 25. Bf7+ Kh8 26. Bxe8 Bxe8 27. Nf3 Bg6 28. Nxd4 Qxd4 29. Bf4 Qxd3 30. Be5+ Kg8 31. Qg5 Rf8 32. Qe7 Rf7 33. Qe8+ Rf8 34. Qxc6 Ne4 35. d7 Rd8 36. Qe6+ Bf7 37. Qxf5 Ng3 38. Bxg3 1-0

[Event "HUN-chT2 Asztalos 1112"]
[Site "Hungary"]
[Date "2012.05.20"]
[Round "11.3"]
[White "Seres, Sandor"]
[Black "Babits, Andras"]
[Result "0-1"]
[WhiteElo "2120"]
[BlackElo "2139"]
[PlyCount "40"]
[EventDate "2011.09.25"]
[EventType "team-tourn"]
[EventRounds "11"]
[EventCountry "HUN"]
[SourceTitle "EXT 2013"]
[Source "ChessBase"]
[SourceDate "2012.11.22"]
[SourceVersion "1"]
[SourceVersionDate "2012.11.22"]
[SourceQuality "1"]
[WhiteTeam "Mohacs"]
[BlackTeam "Marcali"]
[WhiteTeamCountry "HUN"]
[BlackTeamCountry "HUN"]

1. e4 e5 2. Nf3 Nc6 3. Bb5 a6 4. Bxc6 dxc6 5. Nxe5 Qd4 6. Qh5 g6 7. Nxg6 hxg6 8. Qf3 Be6 9. c3 Qf6 10. Qe2 Bh6 11. Na3 0-0-0 12. d4 Bxc1 13. Rxc1 Qg5 14. 0-0 Qh6 15. h3 g5 16. f3 Nf6 17. b3 Nh5 18. Kf2 Nf4 19. Qe3 Bxh3 20. g4 Qh4+ 0-1

[Event "HUN-chT2 Asztalos 1112"]
[Site "Hungary"]
[Date "2011.11.13"]
[Round "3.3"]
[White "Vince, Andrea"]
[Black "Seres, Sandor"]
[Result "0-1"]
[WhiteElo "2132"]
[BlackElo "2120"]
[PlyCount "102"]
[EventDate "2011.09.25"]
[EventType "team-tourn"]
[EventRounds "11"]
[EventCountry "HUN"]
[SourceTitle "EXT 2013"]
[Source "ChessBase"]
[SourceDate "2012.11.22"]
[SourceVersion "1"]
[SourceVersionDate "2012.11.22"]
[SourceQuality "1"]
[WhiteTeam "Decs II"]
[BlackTeam "Mohacs"]
[WhiteTeamCountry "HUN"]
[BlackTeamCountry "HUN"]

1. d4 Nf6 2. c4 e6 3. Nc3 d5 4. cxd5 exd5 5. Bg5 Be7 6. e3 0-0 7. Bd3 Re8 8. Qc2 h6 9. Bh4 b6 10. Nf3 Bb7 11. 0-0 Ba6 12. Rac1 Bb7 13. Qa4 a6 14. Bb1 Nbd7 15. Rfd1 Ne4 16. Bxe7 Rxe7 17. Qb3 c6 18. Nxe4 dxe4 19. Ne5 Qe8 20. Nxd7 Qxd7 21. Qxb6 Rae8 22. a3 Re6 23. Ba2 Rf6 24. Rc5 Qg4 25. Rdc1 Rg6 26. g3 Bc8 27. Rxc6 Rxc6 28. Qxc6 Bd7 29. Qd6 Bb5 30. Qf4 Rc8 31. Re1 Qg6 32. Bd5 Bd3 33. f3 exf3 34. Bxf3 Qb6 35. Be4 Bxe4 36. Qxe4 Qxb2 37. Qb1 Qxa3 38. Qa1 Qd3 39. Qd1 Qe4 40. Re2 Rb8 41. Qf1 a5 42. Qg2 Rb1+ 43. Kf2 Qf5+ 44. Qf3 Rf1+ 45. Kxf1 Qxf3+ 46. Ke1 Qh1+ 47. Kd2 a4 48. Re1 Qxh2+ 49. Kd3 a3 50. d5 a2 51. Re2 Qxe2+ 0-1

[Event "HUN-chT2 Asztalos 1011"]
[Site "Hungary"]
[Date "2010.10.10"]
[Round "3.3"]
[White "Papagorasz, Takisz"]
[Black "Seres, Sandor"]
[Result "1-0"]
[WhiteElo "2183"]
[BlackElo "2120"]
[PlyCount "65"]
[EventDate "2010.09.12"]
[EventType "team-tourn"]
[EventRounds "11"]
[EventCountry "HUN"]
[SourceTitle "EXT 2012"]
[Source "ChessBase"]
[SourceDate "2011.11.24"]
[SourceVersion "1"]
[SourceVersionDate "2011.11.24"]
[SourceQuality "1"]
[WhiteTeam "Fehervar"]
[BlackTeam "Mohacs"]
[WhiteTeamCountry "HUN"]
[BlackTeamCountry "HUN"]

1. d4 Nf6 2. c4 e6 3. Nf3 Be7 4. g3 d5 5. Bg2 0-0 6. 0-0 c6 7. Qc2 Nbd7 8. Nbd2 b6 9. e4 dxe4 10. Nxe4 Bb7 11. Rd1 Nxe4 12. Qxe4 Bf6 13. Bf4 Rc8 14. Rac1 Qe7 15. h4 Rfd8 16. Ne5 Nf8 17. h5 Bg5 18. b3 h6 19. Rd3 f5 20. Qe3 Re8 21. Re1 Qf6 22. b4 Kh7 23. b5 Bxf4 24. Qxf4 Re7 25. bxc6 Ba8 26. d5 exd5 27. cxd5 Rce8 28. Rde3 g6 29. Nxg6 Nxg6 30. hxg6+ Kxg6 31. Rxe7 Rxe7 32. Rxe7 Qxe7 33. Qb8 1-0

[Event "HUN-chT2 Asztalos 1011"]
[Site "Hungary"]
[Date "2010.09.26"]
[Round "2.3"]
[White "Seres, Sandor"]
[Black "Wolosz, Robert"]
[Result "0-1"]
[WhiteElo "2120"]
[BlackElo "1893"]
[PlyCount "58"]
[EventDate "2010.09.12"]
[EventType "team-tourn"]
[EventRounds "11"]
[EventCountry "HUN"]
[SourceTitle "EXT 2012"]
[Source "ChessBase"]
[SourceDate "2011.11.24"]
[SourceVersion "1"]
[SourceVersionDate "2011.11.24"]
[SourceQuality "1"]
[WhiteTeam "Mohacs"]
[BlackTeam "Pannonpower II"]
[WhiteTeamCountry "HUN"]
[BlackTeamCountry "HUN"]

1. c4 c5 2. Nc3 Nf6 3. Nf3 e6 4. e3 Nc6 5. d4 d5 6. cxd5 Nxd5 7. Bb5 Nxc3 8. bxc3 cxd4 9. exd4 Bd7 10. 0-0 Be7 11. Qe2 0-0 12. Bf4 Re8 13. Rfd1 Bf6 14. Be5 Bxe5 15. dxe5 Qc7 16. Qe4 Nxe5 17. Bxd7 Nxd7 18. Rab1 b6 19. h3 Rac8 20. Qh4 Nf6 21. Rd3 Red8 22. Re3 Rd5 23. g4 Qf4 24. Rbe1 h6 25. Kg2 Kh7 26. Re5 Rxe5 27. Rxe5 Rg8 28. Ng5+ Kg6 29. Nf3 Rc8 0-1

[Event "HUN-chT2 Asztalos 1011"]
[Site "Hungary"]
[Date "2010.09.12"]
[Round "1.3"]
[White "Seres, Sandor"]
[Black "Zsigmond, Karoly"]
[Result "0-1"]
[WhiteElo "2120"]
[BlackElo "2078"]
[PlyCount "98"]
[EventDate "2010.09.12"]
[EventType "team-tourn"]
[EventRounds "11"]
[EventCountry "HUN"]
[SourceTitle "EXT 2012"]
[Source "ChessBase"]
[SourceDate "2011.11.24"]
[SourceVersion "1"]
[SourceVersionDate "2011.11.24"]
[SourceQuality "1"]
[WhiteTeam "Mohacs"]
[BlackTeam "Dunajvaros"]
[WhiteTeamCountry "HUN"]
[BlackTeamCountry "HUN"]

1. c4 e6 2. Nc3 b6 3. Nf3 Ba6 4. b3 d5 5. e3 Nf6 6. Be2 Be7 7. 0-0 0-0 8. Bb2 Nbd7 9. Nd4 Bb7 10. cxd5 exd5 11. Nf5 Re8 12. Bf3 Ne5 13. Be2 Bf8 14. f4 Nc6 15. Bf3 Ne7 16. Qc2 c5 17. Ne2 Ne4 18. Nfg3 Nc6 19. a3 Rc8 20. Bxe4 dxe4 21. Nc3 Ba6 22. Ncxe4 Bd3 23. Qc3 Bxe4 24. Nh5 f6 25. f5 Ne5 26. Rf4 Qd3 27. Raf1 Bd5 28. e4 Qxc3 29. Bxc3 Bxb3 30. Bxe5 Rxe5 31. Rg4 Kf7 32. Rc1 Rce8 33. d3 Rd8 34. Rg3 Ba4 35. Nf4 Bb5 36. Rc3 Bd6 37. Ne6 Rg8 38. Rg4 g6 39. d4 cxd4 40. Nxd4 Bc5 41. Rxc5 Rxc5 42. Rh4 h5 43. Kf2 Rd8 44. fxg6+ Kxg6 45. Nf3 Rc2+ 46. Ke3 Rxg2 47. Nd4 Bd7 48. Ne2 Kg5 49. Rf4 Rxe2+ 0-1

[Event "HUN-chT2 Asztalos 0910"]
[Site "Hungary"]
[Date "2010.04.11"]
[Round "9"]
[White "Seres, Sandor"]
[Black "Mihalecz, Attila"]
[Result "1-0"]
[WhiteElo "2161"]
[BlackElo "2113"]
[PlyCount "73"]
[EventDate "2009.11.08"]
[EventType "team-tourn"]
[EventRounds "11"]
[EventCountry "HUN"]
[SourceTitle "EXT 2011"]
[Source "ChessBase"]
[SourceDate "2010.11.26"]
[SourceVersion "1"]
[SourceVersionDate "2010.11.26"]
[SourceQuality "1"]
[WhiteTeam "Mohacs"]
[BlackTeam "Nagyatad"]
[WhiteTeamCountry "HUN"]
[BlackTeamCountry "HUN"]

1. c4 d6 2. d4 e5 3. Nc3 exd4 4. Qxd4 Nf6 5. Nf3 Nc6 6. Qd1 Be7 7. e3 0-0 8. Be2 Bf5 9. a3 Ne4 10. Nd5 Bf6 11. 0-0 Ne5 12. Nd4 Be6 13. Nxf6+ Nxf6 14. Nxe6 fxe6 15. f4 Ng6 16. b4 e5 17. Bb2 exf4 18. exf4 Qe7 19. Bc1 Rae8 20. Bf3 c6 21. g3 Qc7 22. Ra2 Ne7 23. Rc2 Nf5 24. Qd3 g6 25. Rd1 Qe7 26. Re2 Qc7 27. Rde1 Rxe2 28. Rxe2 Qf7 29. Bb2 Re8 30. Qc3 Rf8 31. g4 Ng7 32. b5 d5 33. g5 Nfe8 34. cxd5 cxd5 35. Rxe8 Rxe8 36. Bxd5 Re1+ 37. Kf2 1-0

[Event "HUN-chT2 Asztalos 0910"]
[Site "Hungary"]
[Date "2010.02.14"]
[Round "6"]
[White "Csernyiczky, Laszlo"]
[Black "Seres, Sandor"]
[Result "1-0"]
[WhiteElo "2134"]
[BlackElo "2161"]
[PlyCount "57"]
[EventDate "2009.11.08"]
[EventType "team-tourn"]
[EventRounds "11"]
[EventCountry "HUN"]
[SourceTitle "EXT 2011"]
[Source "ChessBase"]
[SourceDate "2010.11.26"]
[SourceVersion "1"]
[SourceVersionDate "2010.11.26"]
[SourceQuality "1"]
[WhiteTeam "Dunaujvaros"]
[BlackTeam "Mohacs"]
[WhiteTeamCountry "HUN"]
[BlackTeamCountry "HUN"]

1. e4 c5 2. Nf3 Nc6 3. Bb5 Qb6 4. Nc3 e6 5. a4 a6 6. Bc4 Nf6 7. 0-0 d6 8. Re1 Bd7 9. d3 Be7 10. Bd2 Rb8 11. Qe2 0-0 12. h3 Rfd8 13. Nd1 h6 14. c3 d5 15. Ba2 dxe4 16. dxe4 Na5 17. e5 Nd5 18. Qe4 Bc6 19. Qg4 h5 20. Qxh5 g6 21. Qg4 Nb3 22. Bxb3 Qxb3 23. Bg5 Qc2 24. c4 Bxg5 25. cxd5 Rxd5 26. Qxg5 Rd3 27. Ne3 Qxb2 28. Nh4 Kf8 29. Qf6 1-0

[Event "HUN-chT2 Asztalos 0910"]
[Site "Hungary"]
[Date "2009.11.08"]
[Round "1"]
[White "Lantos, Levente"]
[Black "Seres, Sandor"]
[Result "1-0"]
[WhiteElo "2091"]
[BlackElo "2161"]
[PlyCount "81"]
[EventDate "2009.11.08"]
[EventType "team-tourn"]
[EventRounds "11"]
[EventCountry "HUN"]
[SourceTitle "EXT 2011"]
[Source "ChessBase"]
[SourceDate "2010.11.26"]
[SourceVersion "1"]
[SourceVersionDate "2010.11.26"]
[SourceQuality "1"]
[WhiteTeam "Dombovar"]
[BlackTeam "Mohacs"]
[WhiteTeamCountry "HUN"]
[BlackTeamCountry "HUN"]

1. d4 Nf6 2. c4 e6 3. Nc3 d5 4. cxd5 exd5 5. Bg5 Be7 6. Qc2 h6 7. Bxf6 Bxf6 8. e3 0-0 9. Bd3 Re8 10. Nge2 c6 11. 0-0 b5 12. Nf4 Qd6 13. Nce2 Bd7 14. Rfd1 Na6 15. a3 Nc7 16. Ng3 Bg5 17. Nfe2 Rac8 18. Rac1 g6 19. f4 Bh4 20. e4 Bxg3 21. e5 Bxh2+ 22. Kxh2 Qe7 23. Rf1 Qh4+ 24. Kg1 Ne6 25. Rf3 Kg7 26. b4 a5 27. Qd2 axb4 28. axb4 Ra8 29. Rh3 Qg4 30. Rg3 Qh4 31. Rf1 Nxd4 32. Rxg6+ fxg6 33. Nxd4 Rxe5 34. Nf3 Qe7 35. Nxe5 Be8 36. Qc3 Qf6 37. Qc5 Ra3 38. Bc2 Ra2 39. Bd3 g5 40. fxg5 Qxe5 41. Qf8# 1-0

[Event "HUN-chT2 Asztalos 0809"]
[Site "Hungary"]
[Date "2009.03.08"]
[Round "9"]
[White "Seres, Sandor"]
[Black "Percze, Janos"]
[Result "0-1"]
[WhiteElo "2155"]
[BlackElo "2241"]
[PlyCount "50"]
[EventDate "2008.10.26"]
[EventType "tourn"]
[EventRounds "11"]
[EventCountry "HUN"]
[SourceTitle "EXT 2010"]
[Source "ChessBase"]
[SourceDate "2010.11.25"]
[SourceVersion "1"]
[SourceVersionDate "2010.11.25"]
[SourceQuality "1"]
[WhiteTeam "Mohacs"]
[BlackTeam "Nagyatad"]
[WhiteTeamCountry "HUN"]
[BlackTeamCountry "HUN"]

1. c4 f5 2. d4 Nf6 3. Nc3 d6 4. Nf3 g6 5. d5 Bg7 6. Qc2 0-0 7. a4 a5 8. e3 Na6 9. Be2 c6 10. Nd4 Qb6 11. Bf3 Bd7 12. 0-0 Kh8 13. Bd2 Nc5 14. Nce2 cxd5 15. cxd5 Rfc8 16. Bc3 Nfe4 17. Rfd1 Kg8 18. Ng3 Nxc3 19. bxc3 Qd8 20. Nge2 Qe8 21. e4 fxe4 22. Bxe4 Bxa4 23. Rxa4 Qxa4 24. Rb1 Qxc2 25. Bxc2 a4 0-1

[Event "HUN-chT2 Asztalos 0809"]
[Site "Hungary"]
[Date "2009.02.08"]
[Round "7"]
[White "Molnar, Tamas"]
[Black "Seres, Sandor"]
[Result "1/2-1/2"]
[WhiteElo "1995"]
[BlackElo "2155"]
[PlyCount "44"]
[EventDate "2008.10.26"]
[EventType "tourn"]
[EventRounds "11"]
[EventCountry "HUN"]
[SourceTitle "EXT 2010"]
[Source "ChessBase"]
[SourceDate "2010.11.25"]
[SourceVersion "1"]
[SourceVersionDate "2010.11.25"]
[SourceQuality "1"]
[WhiteTeam "Tamasi Szabadido"]
[BlackTeam "Mohacs"]
[WhiteTeamCountry "HUN"]
[BlackTeamCountry "HUN"]

1. d4 Nf6 2. Nc3 d5 3. Bg5 Nbd7 4. Nf3 h6 5. Bh4 e6 6. e4 g5 7. Bg3 Nxe4 8. Nxe4 dxe4 9. Nd2 f5 10. h4 g4 11. Bc4 Nb6 12. c3 Bd6 13. Bxd6 Qxd6 14. Qe2 c6 15. 0-0-0 a5 16. f3 gxf3 17. gxf3 Nxc4 18. Nxc4 Qf4+ 19. Nd2 exf3 20. Qxf3 Qxf3 21. Nxf3 Bd7 22. Ne5 Rh7 1/2-1/2

[Event "HUN-chT2 Asztalos 0809"]
[Site "Hungary"]
[Date "2008.10.26"]
[Round "1"]
[White "Eltigani, Omar"]
[Black "Seres, Sandor"]
[Result "1-0"]
[WhiteElo "2083"]
[BlackElo "2155"]
[PlyCount "75"]
[EventDate "2008.10.26"]
[EventType "tourn"]
[EventRounds "11"]
[EventCountry "HUN"]
[SourceTitle "EXT 2010"]
[Source "ChessBase"]
[SourceDate "2010.11.25"]
[SourceVersion "1"]
[SourceVersionDate "2010.11.25"]
[SourceQuality "1"]
[WhiteTeam "Szekszard/Decs II"]
[BlackTeam "Mohacs"]
[WhiteTeamCountry "HUN"]
[BlackTeamCountry "HUN"]

1. Nf3 d5 2. d4 Nf6 3. c4 e6 4. Nc3 Be7 5. Bf4 c6 6. e3 Nbd7 7. Bd3 0-0 8. 0-0 b6 9. Rc1 Bb7 10. cxd5 Nxd5 11. Bg3 c5 12. e4 cxd4 13. Nb5 Nb4 14. Bc7 Qe8 15. Nd6 Bxd6 16. Bxd6 Nxd3 17. Qxd3 Nc5 18. Qa3 Bxe4 19. Bxf8 Qxf8 20. Nxd4 Qe7 21. f3 Bd5 22. Nb3 Bxb3 23. axb3 Qf6 24. Rfd1 e5 25. b4 Ne6 26. Qe3 Nf4 27. g3 Ng6 28. Rd7 h5 29. Rcc7 Rf8 30. h4 e4 31. Qxe4 Ne5 32. Rd5 Nxf3+ 33. Kg2 Nxh4+ 34. gxh4 Qxb2+ 35. Rc2 Qf6 36. Rxh5 g6 37. Qe5 Kg7 38. Rh7+ 1-0

[Event "CRO Cup 17th"]
[Site "Sibenik"]
[Date "2008.05.21"]
[Round "1"]
[White "Makaj, Marko"]
[Black "Seres, Sandor"]
[Result "1-0"]
[WhiteElo "2266"]
[BlackElo "2204"]
[PlyCount "69"]
[EventDate "2008.05.21"]
[EventType "swiss"]
[EventRounds "5"]
[EventCountry "CRO"]
[SourceTitle "CBM 124 Extra"]
[Source "ChessBase"]
[SourceDate "2008.07.03"]
[SourceVersion "1"]
[SourceVersionDate "2008.07.03"]
[SourceQuality "1"]

1. e4 c5 2. Nf3 Nc6 3. d4 cxd4 4. Nxd4 Nf6 5. Nc3 d6 6. Bc4 Bd7 7. Bb3 a6 8. f3 e6 9. Be3 Qc7 10. Qd2 b5 11. 0-0-0 Rc8 12. g4 Na5 13. g5 Nh5 14. Rhe1 Nc4 15. Qe2 e5 16. Nd5 Qd8 17. Nf5 Be6 18. Kb1 g6 19. Ng3 Nxg3 20. hxg3 Be7 21. f4 Bxd5 22. Rxd5 Qc7 23. f5 gxf5 24. exf5 Qc6 25. Qd3 f6 26. gxf6 Bxf6 27. Bc1 Ke7 28. Rd1 Rcd8 29. Qf3 Rc8 30. Qh5 h6 31. c3 Rcd8 32. g4 a5 33. Bxh6 Ne3 34. Rxe5+ dxe5 35. Qf7# 1-0

[Event "HUN-chT2 Asztalos 0708"]
[Site "Hungary"]
[Date "2008.02.17"]
[Round "6"]
[White "Lenart, Endre"]
[Black "Seres, Sandor"]
[Result "1-0"]
[WhiteElo "2088"]
[BlackElo "2189"]
[PlyCount "67"]
[EventDate "2007.10.14"]
[EventType "team-tourn"]
[EventRounds "11"]
[EventCountry "HUN"]
[SourceTitle "EXT 2009"]
[Source "ChessBase"]
[SourceDate "2008.11.26"]
[SourceVersion "1"]
[SourceVersionDate "2008.11.26"]
[SourceQuality "1"]
[WhiteTeam "Komlo Banyasz"]
[BlackTeam "Mohacs"]
[WhiteTeamCountry "HUN"]
[BlackTeamCountry "HUN"]

1. e4 c5 2. f4 Nc6 3. Nf3 d6 4. Bb5 Qb6 5. Nc3 Bg4 6. Nd5 Qa5 7. c3 Rc8 8. a4 a6 9. b4 cxb4 10. cxb4 Qd8 11. Bxc6+ bxc6 12. Ne3 Bxf3 13. Qxf3 Qb6 14. Ba3 Qd4 15. 0-0 Qxd2 16. Rfd1 Qc3 17. Qe2 Nf6 18. e5 Ne4 19. Nd5 cxd5 20. Rac1 Qxa3 21. Rxc8+ Kd7 22. Rdc1 h5 23. f5 Nc5 24. R8xc5 dxc5 25. e6+ Kd6 26. Qxa6+ Ke5 27. Re1+ Kxf5 28. Qf1+ Kg5 29. Re5+ Kh6 30. Qf4+ g5 31. Qxg5+ Kh7 32. Qxh5+ Bh6 33. Qxf7+ Bg7 34. Rh5# 1-0

[Event "HUN-chT2 Asztalos 0708"]
[Site "Hungary"]
[Date "2007.11.25"]
[Round "3"]
[White "Seres, Sandor"]
[Black "Botos, Ferenc"]
[Result "0-1"]
[WhiteElo "2189"]
[BlackElo "2211"]
[PlyCount "102"]
[EventDate "2007.10.14"]
[EventType "team-tourn"]
[EventRounds "11"]
[EventCountry "HUN"]
[SourceTitle "EXT 2009"]
[Source "ChessBase"]
[SourceDate "2008.11.26"]
[SourceVersion "1"]
[SourceVersionDate "2008.11.26"]
[SourceQuality "1"]
[WhiteTeam "Mohacs"]
[BlackTeam "Fehervar"]
[WhiteTeamCountry "HUN"]
[BlackTeamCountry "HUN"]

1. c4 Nf6 2. Nc3 e5 3. Nf3 Nc6 4. a3 d5 5. cxd5 Nxd5 6. e3 Be6 7. Bb5 f6 8. Bxc6+ bxc6 9. Qa4 Qd7 10. 0-0 Nb6 11. Qc2 Bc4 12. d4 Bxf1 13. Kxf1 Bd6 14. dxe5 fxe5 15. Ne4 0-0-0 16. b4 Qe6 17. Neg5 Qd5 18. e4 Qb5+ 19. Kg1 Rd7 20. Be3 h6 21. Ne6 Re8 22. Nc5 Bxc5 23. Bxc5 Qc4 24. Qxc4 Nxc4 25. h3 Kb7 26. a4 g5 27. Ra2 Rd1+ 28. Kh2 Rc1 29. a5 Ka6 30. Kg3 Kb5 31. Kg4 a6 32. Kh5 Re6 33. Kg4 Nd6 34. Bxd6 cxd6 35. Kf5 Re8 36. Rd2 Kxb4 37. Rxd6 Kxa5 38. Nxe5 Kb5 39. Rxh6 Rc5 40. Re6 Rxe6 41. Kxe6 a5 42. h4 gxh4 43. f4 a4 44. f5 Rxe5+ 45. Kxe5 a3 46. f6 a2 47. Ke6 a1Q 48. e5 Qd4 49. f7 Qd8 50. Kf5 Qe7 51. Kg6 Qe6+ 0-1

[Event "HUN-chT2 Asztalos 0708"]
[Site "Hungary"]
[Date "2007.11.11"]
[Round "2"]
[White "Szotak, Laszlo"]
[Black "Seres, Sandor"]
[Result "0-1"]
[WhiteElo "2049"]
[BlackElo "2189"]
[PlyCount "66"]
[EventDate "2007.10.14"]
[EventType "team-tourn"]
[EventRounds "11"]
[EventCountry "HUN"]
[SourceTitle "EXT 2009"]
[Source "ChessBase"]
[SourceDate "2008.11.26"]
[SourceVersion "1"]
[SourceVersionDate "2008.11.26"]
[SourceQuality "1"]
[WhiteTeam "Szenna Pack II"]
[BlackTeam "Mohacs"]
[WhiteTeamCountry "HUN"]
[BlackTeamCountry "HUN"]

1. e4 c5 2. c3 e5 3. Nf3 Nc6 4. d4 cxd4 5. cxd4 exd4 6. Nxd4 Nf6 7. f3 Qb6 8. Nxc6 dxc6 9. Bc4 Bb4+ 10. Bd2 0-0 11. Qb3 Bxd2+ 12. Nxd2 Qa5 13. Qc2 Qg5 14. 0-0 Bh3 15. Rf2 Bd7 16. Raf1 h5 17. f4 Qa5 18. h3 b5 19. Bb3 Qb6 20. Nf3 c5 21. a3 c4 22. Ba2 Ng4 23. hxg4 hxg4 24. Ne5 g3 25. Nxd7 Qh6 26. Rc1 Qh2+ 27. Kf1 gxf2 28. Qxf2 Rfd8 29. Ne5 Rd6 30. Ke2 Rad8 31. Rc2 Rd4 32. Ke3 Qh1 33. b3 Rd3+ 0-1

[Event "HUN-chT2 Asztalos 0405"]
[Site "Hungary"]
[Date "2004.11.21"]
[Round "3"]
[White "Ragats, Jozsef"]
[Black "Seres, Sandor"]
[Result "1-0"]
[WhiteElo "2147"]
[BlackElo "2177"]
[PlyCount "79"]
[EventDate "2004.09.26"]
[EventType "team-tourn"]
[EventRounds "11"]
[EventCountry "HUN"]
[SourceTitle "EXT 2009"]
[Source "ChessBase"]
[SourceDate "2008.11.26"]
[SourceVersion "1"]
[SourceVersionDate "2008.11.26"]
[SourceQuality "1"]
[WhiteTeam "Aquaprofit"]
[BlackTeam "Mohacs"]
[WhiteTeamCountry "HUN"]
[BlackTeamCountry "HUN"]

1. d4 Nf6 2. c4 e6 3. Nf3 b6 4. a3 Bb7 5. Nc3 d5 6. cxd5 exd5 7. Bf4 Be7 8. Rc1 c6 9. e3 0-0 10. Bd3 Nbd7 11. h3 c5 12. 0-0 Ne4 13. Nd2 f5 14. f3 Nxc3 15. bxc3 c4 16. Bc2 Bxa3 17. Rb1 Qh4 18. Kh2 Qe7 19. Re1 a6 20. Qe2 b5 21. Qf2 Kh8 22. Qg3 h6 23. h4 Bc6 24. Kg1 a5 25. e4 fxe4 26. fxe4 dxe4 27. Nxe4 Qf7 28. Rf1 Qh5 29. Nd6 Rf6 30. Be5 Nxe5 31. dxe5 Rxf1+ 32. Rxf1 Bxd6 33. exd6 Rd8 34. Rf5 Qe8 35. Re5 Qf7 36. Rc5 Bd7 37. Be4 Qe6 38. Bf5 Qf7 39. Be4 Qf6 40. Bg6 1-0

[Event "Pfalz-ch"]
[Site "Deidesheim"]
[Date "2000.??.??"]
[Round "5"]
[White "Otterstaetter, Stefan"]
[Black "Seres, Sandor"]
[Result "1/2-1/2"]
[WhiteElo "2157"]
[BlackElo "2177"]
[PlyCount "66"]
[EventDate "2000.??.??"]
[EventType "swiss"]
[EventRounds "5"]
[EventCountry "GER"]
[SourceTitle "EXT 2003"]
[Source "ChessBase"]
[SourceDate "2002.11.25"]
[SourceVersion "1"]
[SourceVersionDate "2002.11.25"]
[SourceQuality "1"]

1. d4 Nf6 2. Nf3 b6 3. g3 Bb7 4. Bg2 e6 5. 0-0 c5 6. c3 Be7 7. Re1 0-0 8. Nbd2 d5 9. Ne5 Nc6 10. Ndf3 Nd7 11. Nxd7 Qxd7 12. Bf4 Rad8 13. h4 f6 14. Bh3 Bd6 15. Qd2 Qe7 16. Bxd6 Qxd6 17. Rad1 e5 18. dxc5 bxc5 19. Qxd5+ Qxd5 20. Rxd5 Nd4 21. Rxc5 Nxf3+ 22. exf3 Bxf3 23. Bg2 Bxg2 24. Kxg2 Rd2 25. Rb5 Rfd8 26. Rb7 Rc2 27. Rxa7 Rdd2 28. Rf1 Rxb2 29. a4 h5 30. Kf3 f5 31. Re7 Rd3+ 32. Kg2 e4 33. Kg1 Rxc3 1/2-1/2